000 02571nam a2200241 a 4500
001 ASIN1848213506
005 20170105102929.0
008 140115s2012 xxu eng d
020 _a1848213506 (hardcover)
_c$145.00
020 _a9781848213500 (hardcover)
040 _a0
082 _a363.325
_bCYB 2012
100 1 _aVentre, Daniel.
245 0 0 _aCyber conflict :
_bcompeting national perspectives /
_cDaniel Ventre.
250 _a1st ed.
260 _a[S.l.] :
_bWiley-ISTE,
_c2012.
300 _a352 p. ;
_c24 cm.
490 1 _aIste.
520 _aToday, cyber security, cyber defense, information warfare and cyber warfare issues are among the most relevant topics both at the national and international level. All the major states of the world are facing cyber threats and trying to understand how cyberspace could be used to increase power. Through an empirical, conceptual and theoretical approach, Cyber Conflict has been written by researchers and experts in the fields of cyber security, cyber defense and information warfare. It aims to analyze the processes of information warfare and cyber warfare through historical, operational and strategic perspectives of cyber attack. It is original in its delivery because of its multidisciplinary approach within an international framework, with studies dedicated to different states – Canada, Cuba, France, Greece, Italy, Japan, Singapore, Slovenia and South Africa – describing the state’s application of information warfare principles both in terms of global development and “local” usage and examples. Contents 1. Canada’s Cyber Security Policy: a Tortuous Path Toward a Cyber Security Strategy, Hugo Loiseau and Lina Lemay. 2. Cuba: Towards an Active Cyber-defense, Daniel Ventre. 3. French Perspectives on Cyber-conflict, Daniel Ventre. 4. Digital Sparta: Information Operations and Cyber-warfare in Greece, Joseph Fitsanakis. 5. Moving Toward an Italian Cyber Defense and Security Strategy, Stefania Ducci. 6. Cyberspace in Japan’s New Defense Strategy, Daniel Ventre. 7. Singapore’s Encounter with Information Warfare: Filtering Electronic Globalization and Military Enhancements, Alan Chong. 8. A Slovenian Perspective on Cyber Warfare, Gorazd Praprotnik, Iztok Podbregar, Igor Bernik and Bojan Ticar. 9. A South African Perspective on Information Warfare and Cyber Warfare, Brett van Niekerk and Manoj Maharaj. 10. Conclusion, Daniel Ventre.
830 0 _aIste.
856 4 0 _3Amazon.com
_uhttp://www.amazon.com/exec/obidos/ASIN/1848213506/chopaconline-20
942 _2ddc
_cBK
999 _c15994
_d15994